000 01026cab a22002535a 4500
001 L160014
008 150113e2016 xxk 000 0 eng d
035 _a(Sirsi) u160014
041 0 _aeng
050 _a692.2
100 1 _aCooper, M.
245 0 0 _aSpecial foundation
_h[electronic resource]
260 _aLondon
_bRICS
_c2016
490 _aRICS Building Surveying Journal
_vMay 2016 - June 2016, 7(1)
520 _aDiscusses the implications of a recent party wall case.
650 2 4 _aParty walls
_96258
650 2 4 _aBUILT ENVIRONMENT-BUILDING ELEMENTS-COMPLETE BUILDING ELEMENTS-FOUNDATIONS
650 2 4 _aCHATURACHINDA V FAIRHOLME
650 2 4 _aSTANDARD BANK OF BRITISH SOUTH AMERICA V STOKES
690 _aDispute resolution
_96236
856 4 0 _uhttps://www.rics.org/Global/BSJ-BCJ%20May-June%202016%20Interactive.pdf
_zView the article free of charge at www.rics.org...
856 4 0 _uhttps://www.rics.org/Global/BSJ-BCJ%20May-June%202016%20Interactive.pdf
_yAvailable free online via Issuu
942 _n0
_2ddc
999 _c85129
_d85129